000 01116nam a2200373Ia 4500
001 Z_6331
003 CHAP
008 220113s1985 xx 000 0 und d
010 _a169584
020 _a0-7063-1615-0 (versión en inglés) \ 968-26-0376-5
040 _cCHAP
082 _a638.11 M33
100 _aMace, Herbert
_969367
245 _aManual completo de apicultura /
_cHerbert Mace; trucción Emeterio Elu Acha; revisión Gabriela Labrador Fernández
250 _a2a reimpresión
260 _aMéxico :
_bCECSA,
_c1985
300 _a238 p.
500 _aTraducido de la obra en inglés: The complete handbook of bee-keeping
503 _aej.1: C/E
504 _aIncluye bibliografía
650 _aAbejas
_9182
650 _aApicultura
_96241
650 _aColmenas
_925339
650 _aEquipamiento para apicultura
_9140676
650 _aMiel en panal
_9144470
700 _a Labrador Fernández, Gabriela, rev.
_9144471
700 _aAcha, Emeterio Elu, tr.
_9144472
901 _a638.11 M33
902 _aM
910 _a1985
942 _c1
942 _cc1
999 _c169584
_d169584